| 000 | 01371nam a2200217Ia 4500 | ||
|---|---|---|---|
| 999 |
_c46186 _d46186 |
||
| 001 | 13019 | ||
| 003 | GE_BSU | ||
| 005 | 20240717115205.0 | ||
| 008 | 181216s2008||||ge |||||||||||||| ||geo|| | ||
| 020 | _a978-9941-13-100-4 | ||
| 040 | _cGE_BSU | ||
| 041 | _ageo | ||
| 080 | _a811.353.1'373.45+821.353.1.091:821.222.1+008(-11)+821.353.1-94+94(479.22:55) კ-64 | ||
| 245 |
_a დავით კობიძე, 100 = David Kobidze, 100 : _bსაიუბილეო კრებული მიძღვნილი დავით კობიძის დაბადების 100 წლისთავისადმი / _c[სარედ. კოლ. : ზაზა ალექსიძე [და სხვ.], გამომც. რედ. მარინე გიორგობიანი]. |
||
| 264 |
_aთბილისი : _bთბილისის უნ-ტის გამ-ბა, _c2008. |
||
| 300 |
_a324 გვ. ; _c20 სმ. _e3 ჩართ. ფ. ილ. |
||
| 653 | _aკობიძე, დავით -- აღმოსავლეთმცოდნე, ირანისტი -- 1906-1981 -- იუბილეები | ||
| 700 |
_aკვაჭაძე, მანანა _eრედაქტორი _922851 |
||
| 700 |
_aჟორჟოლიანი, ლილი _eრედაქტორი _97811 |
||
| 942 |
_cBK _2udc |
||